Vodohospodárska ročenka

Bibliographic Details
Format: Serial
Language:Slovak
PhysicalDescription:3 zv. 23 cm
Published: Bratislava Vodohospodársky sväz pre povodie Dunaja 1937-1939
Subjects:

MARC

LEADER 00000cas a2200000 a 4500
001 vtls001380454
003 SK-MaSNL
005 20260425193958.0
008 160624d19571959xo ar 0 0b0slo
035 |a SNK000334447 
040 |a SNK  |b slo  |c SNK  |e AACR2 
041 0 |a slo 
043 |a eo----- 
044 |a xo  |c SK 
072 7 |a 626/627  |x Vodné staviteľstvo. Vodné hospodárstvo  |2 konspekt 
080 |a 626/627  |2 2011 
080 |a 050  |2 2011 
080 |a 556.18  |2 2011 
080 |a (4)  |2 2011 
080 |a (282.243.7)  |2 2011 
080 |a (058)  |2 2011 
245 0 0 |a Vodohospodárska ročenka 
260 |a Bratislava  |b Vodohospodársky sväz pre povodie Dunaja  |c 1937-1939 
300 |a 3 zv.  |c 23 cm 
362 0 |a 1936-1938  |z Bg. almanachov ... č. zázn. 237 
650 0 7 |a vodné hospodárstvo  |2 SNKPH  |9 759 
650 0 7 |a vodné staviteľstvo  |2 SNKPH  |9 83399 
651 7 |a Dunaj (rieka)  |2 SNKPHgeo  |9 22602 
655 7 |a ročenky  |2 SNKPH  |9 57146 
910 |a snk 
999 |c 558  |d 558 
952 |a SNK  |b SNK  |y PREZ  |7 0  |p 17A0222015  |o snkČSC 953/1936  |i snkK 1489/99  |8 3  |g 0.66  |0 0  |1 0  |4 0  |d 2000-01-11  |l 0  |r 2005-01-02 00:00:00  |w 2026-02-21 
952 |a SNK  |b SNK  |y PREZ  |7 0  |p 17A0223465  |o snkČSC 953/1938  |0 0  |1 0  |4 0  |d 2000-01-11  |l 0  |r 2005-01-02 00:00:00  |w 2026-02-21